KATHA- PATKATHA (Record no. 5381)

MARC details
000 -LEADER
fixed length control field 00330nam a22001457a 4500
005 - DATE AND TIME OF LATEST TRANSACTION
control field 20170401143056.0
008 - FIXED-LENGTH DATA ELEMENTS--GENERAL INFORMATION
fixed length control field 170401b xxu||||| |||| 00| 0 eng d
020 ## - INTERNATIONAL STANDARD BOOK NUMBER
ISBN 81-8143-091-3
041 ## - LANGUAGE CODE
Language code of text/sound track or separate title eng
100 ## - MAIN ENTRY--AUTHOR NAME
Personal name BHANDARI,MANNU
245 ## - TITLE STATEMENT
Title KATHA- PATKATHA
300 ## - PHYSICAL DESCRIPTION
Number of Pages 216
650 ## - SUBJECT ADDED ENTRY--TOPICAL TERM
Topical Term VANI PRAKASHAN
942 ## - ADDED ENTRY ELEMENTS (KOHA)
Koha item type Books
Holdings
Lost status Damaged status Collection code Home library Current library Shelving location Date acquired Source of acquisition Cost, normal purchase price Full call number Accession Number Koha item type
    LIFE SKILL JRU Library JRU Library SHELF-101-B 30/04/2017 PURCHASE 250.00 891.433 21606 Books
      JRU Library   SHELF-31-G 30/04/2017 PURCHASE 250.00   21607 Books
      JRU Library   SHELF-32-H 30/04/2017 PURCHASE 250.00   21608 Books